000 00903nam a22002897a 4500
003 CHAP
005 20220329134132.0
008 971013s1974 r 00010 d
010 _a15939
011 _a16911
035 _a20993
040 _cCHAP
090 _aFolleto 3667
100 0 0 _aGuerrero M., Arturo.
_951232
245 _aEvaluación de nuevos cultivares hortícolas comerciales, 1972
260 _aMéxico, D.F. :
_bINIA. Campo Agrícola Experimental Bajío,
_c1974
300 _as.p.
590 _aBATCH-UPD
_b10
_c20130110
_lUCH01
_h1839
590 _aBATCH-UPD
_b10
_c20130410
_lUCH01
_h1210
590 _aBATCH-UPD
_b10
_c20130914
_lUCH01
_h1557
590 _aCONVERSION
_b10
_c20130109
_lUCH01
_h1310
650 1 4 _aLegumbres.
_965680
700 0 _aLaborde Cancino, José Antonio.
_964289
901 _aBK
942 _cFOLL
949 _aFolleto 3667
_bBC
_cFOLL
_d-49010
_eTS1
_i20993
_mD
_si
999 _c15939
_d15939